Logo BPK

Biblioteka

Politechniki Koszalińskiej

Jak mówić, żeby dzieci nas słuchały - jak słuchać, żeby dzieci do nas mówiły / (Rekord nr 6049)

Szczegóły MARC
000 -ETYKIETA REKORDU
podpole kontrolne o stałej długości 01131nam a2200289 i 4500
001 - NUMER KONTROLNY REKORDU
pole kontrolne bg
020 ## - MIĘDZYNARODOWY ZNORMALIZOWANY NUMER KSIĄŻKI - ISBN
ISBN 8385594019
040 ## - ŹRÓDŁO KATALOGOWANIA
Instytucja, która utworzyła rekord BPK
041 1# - KOD JĘZYKA
Kod języka tekstu pol
Kod języka oryginału eng
080 ## - UNIWERSALNA KLASYFIKACJA DZIESIĘTNA - UKD
UKD 37.018.1:159.922.7
920 ## - Międzynarodowy znormalizowany numer książki – ISBN
ISBN 83-85594-01-9
008 - POLE O STAŁEJ DŁUGOŚCI - DANE KONTROLNE
podpole kontrolne o stałej długości s pl f |000 0 pol
100 1# - NAZWA OSOBOWA
Nazwa osobowa FABER, Adele
245 10 - TYTUŁ/ODPOWIEDZIALNOŚĆ
Tytuł Jak mówić, żeby dzieci nas słuchały - jak słuchać, żeby dzieci do nas mówiły /
Pozostałe elementy strefy tytułu i oznaczenia odpowiedzialności Adele Faber i Elaine Mazlish ; przeł. [z ang.] Mariola Więznowska ; [supl. Doświadczenia rodziców polskich napisała Zofia Śpiewak].
246 ## - WARIANT TYTUŁU
Treść wyrażenia wprowadzającego Tyt. oryg.:
Tytuł How to talk so kids will listen and listen so kids will talk
250 ## - STREFA WYDANIA
Oznaczenie wydania [Wyd. 2].
260 ## - STREFA ADRESU WYDAWNICZEGO
Miejsce wydania Poznań :
Nazwa wydawcy/dystrybutora "Media Rodzina of Poznań",
Data publikacji, dystrybucji/powstania dokumentu 1993.
300 ## - STREFA OPISU FIZYCZNEGO
Objętość 246, [2] s. :
Inne cechy fizyczne il. ;
Rozmiary 21 cm +
Dokument towarzyszący Zeszyt do ćwiczeń : 31, [1] s.
500 ## - UWAGI OGÓLNE
Tekst uwagi Oryg. : "How to talk so kids will listen and listen so kids will talk" 1980.
650 #9 - HASŁO PRZEDMIOTOWE W FORMIE NAZWY OGÓLNEJ LUB JEDNOSTKOWEJ
Nazwa ogólna lub geograficzna Dziecko
Określnik ogólny psychologia
650 #9 - HASŁO PRZEDMIOTOWE W FORMIE NAZWY OGÓLNEJ LUB JEDNOSTKOWEJ
Nazwa ogólna lub geograficzna Wychowanie w rodzinie
Określnik ogólny metody
655 ## - TERMIN INDEKSOWY - OKREŚLENIE RODZAJU/FORMY DOKUMENTU
Określenie rodzaju/formy dokumentu Wydawnictwa popularne
700 1# - HASŁO DODATKOWE - NAZWA OSOBOWA
Nazwa osobowa MAZLISH, Elaine
700 1# - HASŁO DODATKOWE - NAZWA OSOBOWA
Nazwa osobowa Więznowska, Mariola.
Określenie związku między hasłem a opisywanym materiałem Tł.
700 1# - HASŁO DODATKOWE - NAZWA OSOBOWA
Nazwa osobowa Śpiewak, Zofia.
856 ## - LOKALIZACJA I DOSTĘP DO ELEKTRONICZNYCH DOKUMENTÓW ZDALNYCH
Link (URL) http://koha.tu.koszalin.pl/cgi-bin/koha/opac-detail.pl?biblionumber=6049
Tekst linku Katalog online BPK
942 ## - DODATKOWE ELEMENTY (KOHA)
Typ dokumentu Książka
Egzemplarze
Wycofany Status egzemplarza Uszkodzony Dostępność Lokalizacja stała Lokalizacja bieżąca Miejsce przechowywania Sygnatura Kod kreskowy Ostatnio wypożyczono Typ dokumentu
      Dostępny Biblioteka Politechniki Koszalińskiej Biblioteka Politechniki Koszalińskiej Wypożyczalnia BG P 46214 01063530 11.04.2023 Książka
© 2023 Biblioteka Politechniki Koszalińskiej :: KOHA